[Event "BCF-chT4S 1920 (4NCL)"]
[Site "England"]
[Date "2020.01.12"]
[Round "4.44"]
[White "Jones, Tibor"]
[Black "Melsom, Jonathan T"]
[Result "1-0"]
[WhiteElo "1975"]
[BlackElo "1696"]
[PlyCount "109"]
[EventDate "2019.11.09"]
[EventType "team-swiss"]
[EventRounds "11"]
[EventCountry "ENG"]
[SourceTitle "EXT 2022"]
[Source "ChessBase"]
[SourceDate "2021.10.06"]
[SourceVersion "1"]
[SourceVersionDate "2021.10.06"]
[SourceQuality "1"]
[WhiteTeam "All Anands on Deck"]
[BlackTeam "West is Best III"]
[WhiteTeamCountry "ENG"]
[BlackTeamCountry "WLS"]

1. Nf3 e6 2. c4 f5 3. g3 Nf6 4. Bg2 Be7 5. 0-0 0-0 6. Nc3 d6 7. d3 Qe8 8. b4 a5 9. b5 e5 10. Nd2 Qg6 11. Ba3 Nbd7 12. Na4 Rb8 13. Rc1 b6 14. d4 exd4 15. Nf3 Nc5 16. Nxd4 Bd7 17. Nc3 Nfe4 18. Nd5 Bg5 19. e3 Bd8 20. Bb2 Ng5 21. Qc2 Nge6 22. Rfe1 Rc8 23. Bh3 Ng5 24. Bg2 Nge6 25. Bh3 Ng5 26. Bg2 Nge6 27. Nf4 Nxf4 28. exf4 Bf6 29. Re3 Rfe8 30. Rce1 Kf8 31. Nc6 Be6 32. Bxf6 Qxf6 33. h4 Bd7 34. Kh2 h6 35. Bd5 g5 36. fxg5 hxg5 37. Rxe8+ Rxe8 38. Rxe8+ Bxe8 39. hxg5 Qxg5 40. Nd4 Bg6 41. Qe2 Qf6 42. Qe3 Kg7 43. Ne2 Bf7 44. Nf4 Qe5 45. Qf3 Bxd5 46. Qxd5 Qxd5 47. Nxd5 Ne6 48. Kh3 Kh6 49. Kh4 a4 50. f4 a3 51. g4 Nd4 52. Nxc7 Nf3+ 53. Kg3 Nd2 54. g5+ Kg7 55. Ne8+ 1-0

[Event "London Classic op U1825 8th"]
[Site "London"]
[Date "2016.12.11"]
[Round "5"]
[White "Melsom, Jonathan T"]
[Black "Metcalfe, Charlie P"]
[Result "1-0"]
[WhiteElo "1692"]
[BlackElo "1538"]
[PlyCount "133"]
[EventDate "2016.12.09"]
[EventType "swiss"]
[EventRounds "5"]
[EventCountry "ENG"]
[SourceTitle "EXT 2019"]
[Source "ChessBase"]
[SourceDate "2018.10.10"]
[SourceVersion "1"]
[SourceVersionDate "2018.10.10"]
[SourceQuality "1"]

1. e4 e6 2. d4 d5 3. e5 c5 4. c3 Nc6 5. Nf3 Qb6 6. a3 cxd4 7. cxd4 Nge7 8. b4 Nf5 9. Bb2 Bd7 10. g4 Nfe7 11. Nbd2 Ng6 12. Nb3 Be7 13. Qd2 Rc8 14. Nc5 Bxc5 15. bxc5 Qc7 16. h4 b6 17. Rc1 Na5 18. Qb4 Rb8 19. cxb6 Qxb6 20. Bc3 Qxb4 21. Bxb4 Nc6 22. Bd6 Rb3 23. Nd2 Rb7 24. Bc5 Nf4 25. Rc3 Ng6 26. h5 Nge7 27. Ba6 Rb8 28. Ke2 0-0 29. Rhc1 Bc8 30. Bd3 Bb7 31. Bb5 Rfc8 32. Ke3 f6 33. f4 Kf7 34. Bd6 Ra8 35. Nf3 Kg8 36. Bd3 f5 37. Ng5 g6 38. Nxe6 fxg4 39. Nc7 Rab8 40. Ne6 Ra8 41. Nc5 gxh5 42. Nxb7 h4 43. Bxe7 Nxe7 44. Rxc8+ Nxc8 45. Bf5 Nb6 46. Nd6 g3 47. Kf3 Rb8 48. e6 Nc4 49. Nxc4 dxc4 50. Rc3 Rb2 51. Bc2 Rb6 52. f5 Rb7 53. Rxc4 h5 54. f6 Rb8 55. Rc7 Rf8 56. Rg7+ Kh8 57. Rh7+ Kg8 58. f7+ Rxf7+ 59. exf7+ Kf8 60. Bb3 Ke7 61. Rxh5 a5 62. Rxh4 a4 63. Ba2 g2 64. Kxg2 Kd7 65. f8Q Kc6 66. Qc5+ Kd7 67. Rh7+ 1-0

[Event "London Classic op U1825 8th"]
[Site "London"]
[Date "2016.12.11"]
[Round "4"]
[White "Paterlini, Emiliano"]
[Black "Melsom, Jonathan T"]
[Result "1/2-1/2"]
[WhiteElo "1716"]
[BlackElo "1692"]
[PlyCount "103"]
[EventDate "2016.12.09"]
[EventType "swiss"]
[EventRounds "5"]
[EventCountry "ENG"]
[SourceTitle "EXT 2019"]
[Source "ChessBase"]
[SourceDate "2018.10.10"]
[SourceVersion "1"]
[SourceVersionDate "2018.10.10"]
[SourceQuality "1"]

1. e4 e6 2. d4 d5 3. Nc3 Nf6 4. e5 Nfd7 5. f4 c5 6. Nf3 Nc6 7. Be3 a6 8. Be2 cxd4 9. Bxd4 Nxd4 10. Nxd4 Bc5 11. Nb3 Be3 12. g3 Qb6 13. Na4 Qb4+ 14. Nc3 Nc5 15. Nxc5 Qxc5 16. Qd3 Bd7 17. Nd1 d4 18. Nxe3 dxe3 19. Qc4 Qa5+ 20. c3 Rc8 21. Qd4 Bc6 22. 0-0 Qd5 23. Qxd5 Bxd5 24. Bf3 Bxf3 25. Rxf3 0-0 26. Re1 Rfd8 27. Rfxe3 Rd2 28. R3e2 Rcd8 29. Kf2 R2d3 30. Re4 Kf8 31. a4 Ke7 32. R1e2 R8d7 33. R4e3 Rd1 34. g4 Rh1 35. Rh3 h6 36. f5 Rdd1 37. f6+ gxf6 38. exf6+ Kxf6 39. Rxh6+ Kg5 40. Rh7 Kxg4 41. Ke3 Rde1 42. Rxe1 Rxe1+ 43. Kf2 Rb1 44. b4 f5 45. h3+ Kf4 46. Rh4+ Ke5 47. Ke2 Kd5 48. c4+ Kd6 49. c5+ Kd5 50. Kd3 Rd1+ 51. Ke2 Rb1 52. Kd3 1/2-1/2

[Event "Hampstead op U1900 34th"]
[Site "Hampstead"]
[Date "2015.11.28"]
[Round "1"]
[White "Melsom, Jonathan T"]
[Black "Balouka Myers, Reuben"]
[Result "1-0"]
[WhiteElo "1737"]
[BlackElo "1551"]
[PlyCount "53"]
[EventDate "2015.11.28"]
[EventType "swiss"]
[EventRounds "5"]
[EventCountry "ENG"]
[SourceTitle "EXT 2018"]
[Source "ChessBase"]
[SourceDate "2017.10.13"]
[SourceVersion "1"]
[SourceVersionDate "2017.10.13"]
[SourceQuality "1"]

1. e4 e6 2. d4 d5 3. Nc3 Bb4 4. e5 Ne7 5. a3 Ba5 6. b4 Bb6 7. Nf3 a5 8. b5 a4 9. Bd3 c5 10. dxc5 Bxc5 11. 0-0 Bd7 12. Ng5 h6 13. Nf3 Qb6 14. Qe2 Qc7 15. Bd2 Bc8 16. Rfb1 Qb6 17. Nd1 Nd7 18. Bb4 Bxb4 19. Rxb4 Nc5 20. Nc3 Nxd3 21. Qxd3 Nf5 22. Nxa4 Qc7 23. g4 Ne7 24. c4 dxc4 25. Rxc4 Qd7 26. Qb3 Qd5 27. Rd1 1-0

[Event "High Wycombe e2e4 Challengers op 05"]
[Site "High Wycombe"]
[Date "2014.05.10"]
[Round "3"]
[White "Melsom, Jonathan T"]
[Black "Osiyemi, Lara"]
[Result "1-0"]
[WhiteElo "1699"]
[BlackElo "1738"]
[PlyCount "65"]
[EventDate "2014.05.09"]
[EventType "swiss"]
[EventRounds "5"]
[EventCountry "ENG"]
[SourceTitle "EXT 2015"]
[Source "ChessBase"]
[SourceDate "2014.11.20"]
[SourceVersion "1"]
[SourceVersionDate "2014.11.20"]
[SourceQuality "1"]

1. e4 c5 2. c3 Nf6 3. e5 Nd5 4. d4 cxd4 5. cxd4 Nc6 6. Nf3 e6 7. Bc4 Nb6 8. Bb3 a5 9. 0-0 Be7 10. Nc3 d6 11. exd6 Bxd6 12. Ne4 Be7 13. a3 Nd5 14. Bd2 b5 15. Rc1 Qb6 16. Qc2 Bd7 17. Nc5 Nf6 18. Nxd7 Kxd7 19. Qxc6+ Qxc6 20. Ne5+ Ke8 21. Rxc6 Ne4 22. Be3 a4 23. Ba2 b4 24. axb4 Bxb4 25. d5 a3 26. bxa3 Bxa3 27. dxe6 f6 28. Nf7 Rf8 29. Bd5 Ra4 30. Ra1 f5 31. Rc7 Nf6 32. Bc6+ Nd7 33. exd7+ 1-0

[Event "High Wycombe e2e4 Challengers op 05"]
[Site "High Wycombe"]
[Date "2014.05.09"]
[Round "1"]
[White "Ilett, Raymond"]
[Black "Melsom, Jonathan T"]
[Result "1-0"]
[WhiteElo "1889"]
[BlackElo "1699"]
[PlyCount "25"]
[EventDate "2014.05.09"]
[EventType "swiss"]
[EventRounds "5"]
[EventCountry "ENG"]
[SourceTitle "EXT 2015"]
[Source "ChessBase"]
[SourceDate "2014.11.20"]
[SourceVersion "1"]
[SourceVersionDate "2014.11.20"]
[SourceQuality "1"]

1. d4 e6 2. c4 Nf6 3. Nc3 Bb4 4. Nf3 0-0 5. e3 d5 6. Bd3 Ne4 7. Qc2 f5 8. 0-0 c5 9. cxd5 exd5 10. Nxd5 Be6 11. Nf4 Bf7 12. Ne5 Nd6 13. dxc5 1-0

[Event "High Wycombe e2e4 U2000 op 03"]
[Site "High Wycombe"]
[Date "2013.03.08"]
[Round "1"]
[White "Sucikova, Svetlana"]
[Black "Melsom, Jonathan T"]
[Result "1-0"]
[WhiteElo "1860"]
[BlackElo "1713"]
[PlyCount "23"]
[EventDate "2013.03.08"]
[EventType "swiss"]
[EventRounds "5"]
[EventCountry "ENG"]
[SourceTitle "EXT 2015"]
[Source "ChessBase"]
[SourceDate "2014.11.20"]
[SourceVersion "1"]
[SourceVersionDate "2014.11.20"]
[SourceQuality "1"]

1. c4 Nf6 2. Nc3 d5 3. cxd5 Nxd5 4. Nf3 Nc6 5. d4 Bf5 6. Qb3 Nxc3 7. bxc3 Rb8 8. d5 Na5 9. Qb5+ c6 10. dxc6 Qc7 11. Qxf5 e6 12. Bf4 1-0

[Event "High Wycombe e2e4 op 10"]
[Site "High Wycombe"]
[Date "2012.10.13"]
[Round "2"]
[White "Melsom, Jonathan T"]
[Black "Gilfillan, Andrew"]
[Result "1/2-1/2"]
[WhiteElo "1710"]
[BlackElo "1974"]
[PlyCount "129"]
[EventDate "2012.10.12"]
[EventType "swiss"]
[EventRounds "5"]
[EventCountry "ENG"]
[SourceTitle "EXT 2013"]
[Source "ChessBase"]
[SourceDate "2012.11.22"]
[SourceVersion "1"]
[SourceVersionDate "2012.11.22"]
[SourceQuality "1"]

1. e4 d5 2. exd5 Nf6 3. d4 Bg4 4. Be2 Bxe2 5. Qxe2 Qxd5 6. Nf3 Nc6 7. Nc3 Qf5 8. a3 0-0-0 9. Be3 e6 10. 0-0 h6 11. b4 Ne4 12. Nxe4 Qxe4 13. Qc4 Bd6 14. Nd2 Qd5 15. Qxd5 exd5 16. Nb3 Rde8 17. b5 Nd8 18. Bd2 Re2 19. a4 Ne6 20. Rfe1 Nxd4 21. Rxe2 Nxe2+ 22. Kf1 Nf4 23. Be3 Be5 24. Rd1 Rd8 25. a5 b6 26. g3 Ne6 27. f4 Bc3 28. axb6 axb6 29. f5 Ng5 30. Bxg5 hxg5 31. Nd4 Bxd4 32. Rxd4 Rd6 33. h4 gxh4 34. gxh4 Kd7 35. Rg4 g6 36. fxg6 fxg6 37. Ke2 Re6+ 38. Kd3 Kd6 39. Rg5 Kc5 40. c4 Rd6 41. Kc3 c6 42. bxc6 Kxc6 43. cxd5+ Kc5 44. h5 gxh5 45. Rxh5 Rg6 46. d6+ Kxd6 47. Kb4 Kc6 48. Rh4 Rf6 49. Rc4+ Kb7 50. Rh4 Ka6 51. Re4 Rf1 52. Re6 Rf4+ 53. Ka3 Ka5 54. Re3 Kb5 55. Rb3+ Kc5 56. Rc3+ Rc4 57. Rb3 Rc2 58. Rh3 Rd2 59. Kb3 Rd5 60. Rc3+ Kd4 61. Rc4+ Kd3 62. Kb4 Rd6 63. Rc8 Kd4 64. Kb5 Kd5 65. Rb8 1/2-1/2

[Event "High Wycombe e2e4 op 10"]
[Site "High Wycombe"]
[Date "2012.10.12"]
[Round "1"]
[White "Jackson, Paul G"]
[Black "Melsom, Jonathan T"]
[Result "1-0"]
[WhiteElo "1890"]
[BlackElo "1710"]
[PlyCount "53"]
[EventDate "2012.10.12"]
[EventType "swiss"]
[EventRounds "5"]
[EventCountry "ENG"]
[SourceTitle "EXT 2013"]
[Source "ChessBase"]
[SourceDate "2012.11.22"]
[SourceVersion "1"]
[SourceVersionDate "2012.11.22"]
[SourceQuality "1"]

1. d4 Nf6 2. c4 e6 3. Nc3 Bb4 4. a3 Bxc3+ 5. bxc3 d5 6. cxd5 exd5 7. Bg5 0-0 8. e3 h6 9. Bh4 Bf5 10. Bd3 Bxd3 11. Qxd3 Nbd7 12. f3 Re8 13. Ne2 c5 14. 0-0 Qe7 15. Bf2 Rac8 16. Ng3 g6 17. Rfe1 Qd6 18. Kh1 c4 19. Qc2 b5 20. e4 dxe4 21. fxe4 Ng4 22. Bg1 Qe7 23. e5 h5 24. Ne4 Ndxe5 25. dxe5 Qxe5 26. h3 Nh6 27. Bd4 1-0

[Event "High Wycombe e2e4 Intermediate op 03"]
[Site "High Wycombe"]
[Date "2012.03.17"]
[Round "3"]
[White "Melsom, Jonathan T"]
[Black "Pein, Jonathan"]
[Result "1-0"]
[WhiteElo "1713"]
[BlackElo "1798"]
[PlyCount "107"]
[EventDate "2012.03.16"]
[EventType "swiss"]
[EventRounds "5"]
[EventCountry "ENG"]
[SourceTitle "EXT 2014"]
[Source "ChessBase"]
[SourceDate "2013.11.20"]
[SourceVersion "1"]
[SourceVersionDate "2013.11.20"]
[SourceQuality "1"]

1. e4 d6 2. d4 g6 3. Nf3 Bg7 4. Be2 Nd7 5. 0-0 e6 6. c3 b6 7. Re1 Bb7 8. Bc4 h6 9. Nbd2 Ne7 10. Nf1 a6 11. Ng3 Nf6 12. a4 g5 13. e5 Bxf3 14. Qxf3 dxe5 15. dxe5 Nd7 16. Rd1 0-0 17. Qe4 Qe8 18. Nh5 Ng6 19. Nxg7 Kxg7 20. f4 Qe7 21. b4 gxf4 22. Bxf4 a5 23. Bb5 Rad8 24. Qe3 Rh8 25. bxa5 bxa5 26. Bxd7 Rxd7 27. Bg3 Rhd8 28. Rxd7 Qxd7 29. Bf4 Nxf4 30. Qxf4 Qe7 31. Rf1 Rd7 32. h4 Rd8 33. Qg4+ Kh7 34. Qh5 Kg7 35. Rf6 Rh8 36. Qg4+ Kf8 37. Qf4 Ke8 38. Qc4 Qd7 39. Kh2 c6 40. Qa6 Qc7 41. Qa8+ Ke7 42. Rxf7+ Kxf7 43. Qxh8 Qe7 44. Qh7+ Ke8 45. Qxe7+ Kxe7 46. Kg3 Kf7 47. Kg4 Kg6 48. h5+ Kf7 49. Kf4 c5 50. c4 Kg7 51. g4 Kh7 52. g5 Kg7 53. gxh6+ Kxh6 54. Kg4 1-0

[Event "High Wycombe e2e4 Intermediate op 03"]
[Site "High Wycombe"]
[Date "2012.03.16"]
[Round "1"]
[White "Melsom, Jonathan T"]
[Black "Ganner, Tony"]
[Result "1-0"]
[WhiteElo "1713"]
[BlackElo "1462"]
[PlyCount "93"]
[EventDate "2012.03.16"]
[EventType "swiss"]
[EventRounds "5"]
[EventCountry "ENG"]
[SourceTitle "EXT 2014"]
[Source "ChessBase"]
[SourceDate "2013.11.20"]
[SourceVersion "1"]
[SourceVersionDate "2013.11.20"]
[SourceQuality "1"]

1. e4 c5 2. c3 d6 3. Nf3 Nc6 4. Be2 Nf6 5. d3 e6 6. 0-0 Be7 7. Nbd2 a6 8. Re1 0-0 9. Nf1 Bd7 10. Ng3 h6 11. Bf1 Re8 12. h3 e5 13. a4 b5 14. axb5 axb5 15. Rxa8 Qxa8 16. d4 c4 17. d5 Na5 18. Nh4 Nh7 19. Nhf5 Bg5 20. Nxd6 Bxc1 21. Qxc1 Nb3 22. Qe3 Rf8 23. Ngf5 Bxf5 24. Nxf5 Qd8 25. Qg3 Qf6 26. Rd1 Nc5 27. f3 Ra8 28. d6 Nf8 29. Rd5 Nfd7 30. Ne7+ Kf8 31. Nc6 Re8 32. Ne7 Nb7 33. Nf5 Nbc5 34. Qf2 Rc8 35. Ne7 Rd8 36. Nc6 Nb7 37. Nxd8 Qxd8 38. Qa7 Qb6+ 39. Qxb6 Nxb6 40. Rxb5 Nxd6 41. Rxb6 Ke7 42. Rxd6 Kxd6 43. Bxc4 f6 44. b4 Kc7 45. Kf2 Kb6 46. Kg3 Kc7 47. Kg4 1-0

[Event "BCF-chT4 0506 (4NCL)"]
[Site "West Bromwich"]
[Date "2006.02.12"]
[Round "6.6"]
[White "Lowry O'Reilly, Hannah"]
[Black "Melsom, Jonathan T"]
[Result "1/2-1/2"]
[WhiteElo "1790"]
[BlackElo "1885"]
[PlyCount "59"]
[EventDate "2005.11.05"]
[EventType "team"]
[EventRounds "11"]
[EventCountry "ENG"]
[SourceTitle "CBM 109 Extra"]
[Source "ChessBase"]
[SourceDate "2006.01.03"]
[SourceVersion "2"]
[SourceVersionDate "2006.01.03"]
[SourceQuality "1"]
[WhiteTeam "SC Stars"]
[BlackTeam "Slough Sharks IV"]
[WhiteTeamCountry "ENG"]
[BlackTeamCountry "ENG"]

1. d4 Nf6 2. c4 c5 3. Nf3 e6 4. Bg5 Be7 5. e3 d5 6. cxd5 exd5 7. Bd3 cxd4 8. Nxd4 h6 9. Bh4 0-0 10. h3 Ne4 11. Bxe7 Qxe7 12. 0-0 f5 13. Qc2 Nd7 14. Bxe4 fxe4 15. Nc3 Nb6 16. Rfd1 Qg5 17. Kh1 Bxh3 18. gxh3 Qh4 19. Rd2 Qxh3+ 20. Kg1 Rf6 21. Nxe4 dxe4 22. Qxe4 Raf8 23. f3 Qd7 24. Re2 Re8 25. Qc2 Qd5 26. Qb3 Qxb3 27. axb3 a6 28. Rc1 Nd5 29. Kf2 Rb6 30. Rc5 1/2-1/2